00612nam a2200193Ia 4500003000400000005001700004008004100021040000700062041000800069082001600077100002300093245006100116260004500177300000900222650002400231942001300255999001900268952013100287OSt20250930142152.0250729s2005 xx 000 0 und d cAL aeng a370.78 TEWR aTewari A D9222867 aResearching ability and school achivement in mathematics aNew DelhibCommonwealth Publishersc2005 a202p aMathematics9222868 2ddccBED c235645d235645 00104070aALbALd2025-07-29eSita Book Houseg150.00l0o370.78 TEWRpBED00964r2025-07-29 16:54:10v150.00w2025-07-29yBK